| 000 | 00750nam a22002537a 4500 | ||
|---|---|---|---|
| 005 | 20170124110226.0 | ||
| 010 | _aB-131111 | ||
| 020 | _c320.00 | ||
| 035 | _aB-131111 | ||
| 037 | _bCen Lib/Ret | ||
| 040 |
_aDPL _bEN |
||
| 082 |
_a570 _bSIN |
||
| 100 |
_aSingh, A.P. _935335 |
||
| 245 |
_a Upkars CSIR UGC-NET JRF /SLET Life Sciences / _cby A.P. Singh [and] Kumar Pushkar |
||
| 260 |
_aAgra _bUpkar Prakashan |
||
| 270 |
_a2/11A, Swadeshi Bima Nagar _bAgra _e282002 |
||
| 300 |
_aviii,675p. _c23cm(Hb) |
||
| 650 |
_aLife sciences _940766 |
||
| 650 |
_aLife sciences-CSIR UGC-NET JRF /SLET -Test _940767 |
||
| 700 |
_910555 _a Pushkar, Kumar |
||
| 700 |
_a _940753 |
||
| 700 | _940754 | ||
| 942 |
_2ddc _cEN _h570 _mSIN |
||
| 999 |
_c134452 _d134452 |
||